Sports Quiz

Random Sports or Numbers Quiz
Score 0/12 Timer 06:00
0 Plays Today
Number of All Star Appearances Bulls Player % Correct
12Michael Jordan
100%
7Scottie Pippen
99.5%
1Horace Grant
61.8%
2Jerry Sloan
47.3%
3Bob Love
46.2%
1BJ Armstrong
45.8%
4Artis Gilmore
31.4%
2Reggie Theus
19.7%
4Chet Walker
16.8%
1Bob Boozer
9.1%
3Norm Van Lier
6.7%
1Guy Rodgers
2.8%
Remove Ads.
Support Sporcle.
Get the best of Sporcle when you Go Orange. This ad-free experience offers more features, more stats, and more fun while also helping to support Sporcle. Thank you for becoming a member.

You're not logged in!

Compare scores with friends on all Sporcle quizzes.
OR
Log In

Show Comments

Extras

Top Quizzes Today


Score Distribution

Your Account Isn't Verified!

In order to create a playlist on Sporcle, you need to verify the email address you used during registration. Go to your Sporcle Settings to finish the process.

Report this User

Report this user for behavior that violates our Community Guidelines.

Details: